00781nam a22002177a 450000500170000001000190001702000330003602000330006903500180010203700090012008200090012910000170013824500760015525000060023126000450023727000960028230000280037830000270040649000080043350001220044120250710163708.0 aENG-145919-920 a9789390439706(vol1)c1095.00 a9789390439737(vol 2)c950.00 aEN-129451-452 bDBAD aS21 aShyam Kumari aOur Great War Heroes:bSeven Param Vir Chakra Recipients/cShyam Kumari a1 aNew DelhibVij Books India Pvt Ltdc2021 a2/19,Ansari Road Delhi-110002bNew Delhie110002k91-11-43596460mcontact@vijpublishing.com axxxi, 223p.c23cm. (Hb) axxii 166p.c23cm. (Hb) v1,2 aVol 1 True Stories of Seven Flaming Warriors of Indian Army Vol 1 True Stories of Six Flaming Warriors of Indian Army